书目信息 |
| 题名: |
发现的时代
|
|
| 作者: | 戈尔丁 , 柯塔纳 著 ;李果 译 | |
| 分册: | ||
| 出版信息: | 北京 中信出版集团股份有限公司 2017.05 |
|
| 页数: | 330页 | |
| 开本: | 23cm | |
| 丛书名: | ||
| 单 册: | ||
| 中图分类: | F11-49 | |
| 科图分类: | ||
| 主题词: | 世界经济--shi jie jing ji--通俗读物 | |
| 电子资源: | ||
| ISBN: | 978-7-5086-7512-1 | |
| 000 | 01252nam0 2200301 450 | |
| 001 | CAL 0120172199350 | |
| 005 | 20181203153348.50 | |
| 010 | @a978-7-5086-7512-1@b@dCNY68.00 | |
| 100 | @a20170615d2017 em y0chiy50 ea | |
| 101 | 1 | @achi@ceng |
| 102 | @aCN@b110000 | |
| 105 | @aa a 000yy | |
| 106 | @ar | |
| 200 | 1 | @a发现的时代@Afa xian de shi dai@e21世纪风险指南@f(南非) 伊恩·戈尔丁, (加) 克里斯·柯塔纳著@g李果译 |
| 210 | @a北京@c中信出版集团股份有限公司@d2017.05 | |
| 215 | @a330页@c图@d23cm | |
| 314 | @a伊恩·戈尔丁 (Ian Goldin) , 牛津大学马丁学院教授。伦敦经济学院理学硕士, 牛津大学文学硕士、博士。克里斯·柯塔纳, 牛津大学马丁学院研究员。 | |
| 320 | @a有书目 (第299-330页) | |
| 330 | @a本书分为文艺复兴时期的基本史实、天才辈出、繁荣背后的危机和为我们的未来而竞争四部共八章, 主要内容包括不知所措抑或镇定自若 ; 新大陆 ; 新的盘根错节 ; 维特鲁威人 ; 哥白尼革命等。 | |
| 517 | 1 | @a21世纪风险指南@A21 shi ji feng xian zhi nan |
| 606 | 0 | @a世界经济@Ashi jie jing ji@j通俗读物 |
| 690 | @aF11-49@v5 | |
| 701 | 1 | @a戈尔丁@Age er ding@g(Goldin, Ian)@4著 |
| 701 | 1 | @a柯塔纳@Ake ta na@g(Kutarna, Chris)@4著 |
| 702 | 0 | @a李果@Ali guo@4译 |
| 801 | 0 | @aCN@b人天书店@c20170615@g |
| 905 | @aBZT@dF11-49@e1 | |
| 906 | @dCNY68.00@n3@r1 | |
| 发现的时代:21世纪风险指南/(南非) 伊恩·戈尔丁, (加) 克里斯·柯塔纳著/李果译.-北京:中信出版集团股份有限公司,2017.05 |
| 330页:图;23cm |
| ISBN 978-7-5086-7512-1:CNY68.00 |
| 本书分为文艺复兴时期的基本史实、天才辈出、繁荣背后的危机和为我们的未来而竞争四部共八章, 主要内容包括不知所措抑或镇定自若 ; 新大陆 ; 新的盘根错节 ; 维特鲁威人 ; 哥白尼革命等。 |
| ● |
| 相关链接 |
|
|
|
正题名:发现的时代
索取号:F11-49/1
 
预约/预借
| 序号 | 登录号 | 条形码 | 馆藏地/架位号 | 状态 | 备注 |
| 1 | 850469 | 2000850469 | 第二书库/ [索取号:F11-49/1] | 在馆 | |
| 2 | 850470 | 2000850470 | 第二书库/ [索取号:F11-49/1] | 在馆 | |
| 3 | 850471 | 2000850471 | 第二书库/ [索取号:F11-49/1] | 在馆 |